000 00748cam a2200217 4500
001 ABS62227
008 000000n2000 000 0 eng u
035 _a(Sirsi) u105460
100 _aMackenzie-Grieve, C.
245 _aNew law may benefit property transactions
260 _c2000
490 _aCSM
_bChartered Surveyor Monthly
_vApril 2000, 24(1)
520 _aDiscusses the Contracts (Rights of Third Parties) Act 1999 and how it should make negotiating a deal easier when the benefits will pass to a client's successors or other third parties.
590 _aABS
650 _aCONTRACTS (RIGHTS OF THIRD PARTIES) ACT 1999
650 _aTHIRD PARTIES
650 _aCLIENTS
690 _aLAW
700 _aLangstaff, D.
942 _n0
999 _c63189
_d63189